[Event "BAN-chB 41st"]
[Site "Dhaka"]
[Date "2015.10.18"]
[Round "4"]
[White "Uddin, Saif"]
[Black "Abu Taleb, Kuranu"]
[Result "0-1"]
[WhiteElo "2083"]
[BlackElo "1910"]
[PlyCount "102"]
[EventDate "2015.10.15"]
[EventType "swiss"]
[EventRounds "11"]
[EventCountry "BAN"]
[SourceTitle "CBM 169 Extra"]
[Source "ChessBase"]
[SourceDate "2015.12.18"]
[SourceVersion "1"]
[SourceVersionDate "2015.12.18"]
[SourceQuality "1"]

1. e4 e5 2. Nf3 Nc6 3. Bb5 d6 4. d4 exd4 5. Nxd4 Bd7 6. Nxc6 bxc6 7. Bd3 Ne7 8. b3 Ng6 9. Bb2 Qg5 10. Kf1 Be7 11. Qf3 0-0 12. Qg3 Qc5 13. Qe3 Qxe3 14. fxe3 f5 15. exf5 Bxf5 16. Ke1 Rae8 17. Bxf5 Rxf5 18. Rf1 Rxf1+ 19. Kxf1 Bg5 20. Bc1 Bxe3 21. Bxe3 Rxe3 22. Kf2 Re5 23. Nc3 Kf7 24. Rd1 Ke6 25. Rd4 Ne7 26. Ne2 c5 27. Rh4 h6 28. Nf4+ Kd7 29. Nd3 Rf5+ 30. Ke2 Nd5 31. Kd2 Nb4 32. Rg4 g5 33. a3 Nc6 34. Re4 a5 35. h4 Nd8 36. hxg5 hxg5 37. Re1 Ne6 38. Rh1 Kc6 39. Rh6 Nf4 40. g4 Rd5 41. Rh1 Rd4 42. Rg1 a4 43. bxa4 c4 44. Ke3 cxd3 45. Kxd4 Ne2+ 46. Ke4 dxc2 47. Re1 c1Q 48. Rxc1+ Nxc1 49. Kf5 Nd3 50. Kxg5 Ne5 51. Kf4 Nxg4 0-1